Financial Accounting for Mgt. (Record no. 1760)

MARC details
000 -LEADER
fixed length control field 00417nam a22001697a 4500
005 - DATE AND TIME OF LATEST TRANSACTION
control field 20180607151202.0
008 - FIXED-LENGTH DATA ELEMENTS--GENERAL INFORMATION
fixed length control field 160525b xxu||||| |||| 00| 0 eng d
020 ## - INTERNATIONAL STANDARD BOOK NUMBER
ISBN 978-81-317-2285-5
041 ## - LANGUAGE CODE
Language code of text/sound track or separate title eng
082 ## - DEWEY DECIMAL CLASSIFICATION NUMBER
Item number 5024
Classification number 657
100 ## - MAIN ENTRY--AUTHOR NAME
Personal name Gupta, Ambrish
245 ## - TITLE STATEMENT
Title Financial Accounting for Mgt.
260 ## - PUBLICATION, DISTRIBUTION, ETC. (IMPRINT)
Place of publication New Delhi
Name of publisher Academic Faundation
300 ## - PHYSICAL DESCRIPTION
Number of Pages 975
650 ## - SUBJECT ADDED ENTRY--TOPICAL TERM
Topical Term Management
942 ## - ADDED ENTRY ELEMENTS (KOHA)
Koha item type Books
Holdings
Lost status Damaged status Collection code Home library Current library Shelving location Date acquired Full call number Accession Number Koha item type
    MANAGEMENT JRU Library JRU Library SHELF-71-K 25/05/2016 657 5024 Books
    MANAGEMENT JRU Library JRU Library SHELF-71-K 25/05/2016 657 5025 Books
    Reference JRU Library   SHELF-28-H 25/05/2016 657 5026 Books
    MANAGEMENT JRU Library JRU Library SHELF-71-K 25/05/2016 657 5027 Books